Formula One Drivers by Abbreviation - Statistics

General Stats
  • This quiz has been taken 256 times
  • The average score is 14 of 15
Answer Stats
Hint Answer % Correct
HAM Lewis Hamilton
100%
RAI Kimi Räikkönen
98%
HUL Nico Hülkenberg
98%
VET Sebastian Vettel
98%
ALO Fernando Alonso
97%
VER Max Verstappen
97%
BOT Valtteri Bottas
97%
TSU Yuki Tsunoda
96%
GRO Romain Grosjean
95%
KVY Daniil Kvyat
92%
MAZ Nikita Mazepin
91%
MAS Felipe Massa
90%
BUT Jenson Button
90%
MSC Mick Schumacher
90%
WEH Pascal Wehrlein
62%
No matching quizzes found
Score Distribution
Percent of People with Each Score
Percentile by Number Answered
Your Score History
You have not taken this quiz